000 01281nam a22003255i 4500
001 165061
003 ES-MaACL
005 20230906213047.0
008 050811s1874 fr | |||||||| ||fre d
040 _aCAM
_bspa
_cCAM
100 1 _aScribe, Eugène.
_9104966
245 1 3 _aUn ministre sous Louis XV
_b: ; Le jeunne docteur ; Le tête-a-tête ; La conversion ; Potemkin ; Le prix de la vie ; Judith ; Le roi de Careau ; Les malheurs heureux /
_cEugène Scribe.
260 _aParis :
_bE. Dentu, libraire-éditeur,
_c1874 (
_fImp. Paul Dupont)
300 _a370, [2] p. ;
_c18 cm.
490 1 _aOeuvres complètes de Eugène Scribe. Cinquième série : Proverbes, Nouvelles romans. 1
700 1 _aDentu, E.,
_eed.
_9230064
700 1 _aDupont, Paul,
_eimp.
_946109
740 3 _aLe jeunne docteur.
740 3 _aLe tête-a-tête.
740 3 _aLa conversion.
740 0 _aPotemkin.
740 3 _aLe prix de la vie.
740 0 _aJudith.
740 3 _aLe roi de Careau.
740 4 _aLes malhereux heureux.
752 _aFrancia -
_dParís
830 0 _aOeuvres complètes de Eugène Scribe. Cinquième série : Proverbes, Nouvelles romans. 1
_9222425
852 _aES-MaACL
_jC-18584
_z-- Enc. hol., conservando la cub. original
999 _c165061
_d165061